| Tag |
First Indicator |
Second Indicator |
Subfields |
| LEADER |
00000cam a2200000Ia 4500 |
| 001 |
in00002787927 |
| 005 |
20151202171605.0 |
| 008 |
121024s2012 enkab b 000 0 ita d |
| 015 |
|
|
|a GBB2B6173
|2 bnb
|
| 016 |
7 |
|
|a 016207443
|2 Uk
|
| 020 |
|
|
|a 9781407310183 (pbk.)
|
| 020 |
|
|
|a 1407310186 (pbk.)
|
| 035 |
|
|
|a (OCoLC)ocn819517917
|
| 040 |
|
|
|a UKMGB
|b eng
|c UKMGB
|d SUC
|d TXA
|d UtOrBLW
|
| 043 |
|
|
|a mm-----
|
| 049 |
|
|
|a TXAM
|
| 050 |
|
4 |
|a D971
|b .P76 2012
|
| 082 |
0 |
4 |
|a 937.7
|2 23
|
| 245 |
0 |
2 |
|a I processi formativi ed evolutivi della città in area adriatica /
|c a cura di G. de Marinis [and others].
|
| 264 |
|
1 |
|a Oxford :
|b Archaeopress,
|c 2012.
|
| 300 |
|
|
|a 514 pages :
|b illustrations, maps ;
|c 30 cm.
|
| 336 |
|
|
|a text
|b txt
|2 rdacontent
|
| 337 |
|
|
|a unmediated
|b n
|2 rdamedia
|
| 338 |
|
|
|a volume
|b nc
|2 rdacarrier
|
| 490 |
1 |
|
|a BAR international series ;
|v 2419
|
| 504 |
|
|
|a Includes bibliographical references.
|
| 546 |
|
|
|a Text in Italian with one article in French; summaries in English.
|
| 650 |
|
0 |
|a Cities and towns, Ancient
|z Adriatic Sea Region.
|
| 650 |
|
0 |
|a Urban archaeology
|z Adriatic Sea Region.
|
| 650 |
|
0 |
|a Excavations (Archaeology)
|z Adriatic Sea Region.
|
| 651 |
|
0 |
|a Adriatic Sea Region
|x Antiquities, Roman.
|
| 700 |
1 |
|
|a De Marinis, Giuliano.
|
| 830 |
|
0 |
|a BAR international series ;
|v 2419.
|
| 948 |
|
|
|a cataloged
|b h
|c 2012/12/3
|d c
|e ceaton
|f 9:45:40 am
|
| 994 |
|
|
|a C0
|b TXA
|
| 999 |
|
|
|a MARS
|
| 999 |
f |
f |
|s a4176697-7140-3153-a06b-5b46a4ad2407
|i f67c6812-b0d8-39b5-aa29-f396edd396e6
|t 0
|
| 952 |
f |
f |
|p normal
|a Texas A&M University
|b College Station
|c Sterling C. Evans Library
|d Evans: Library Stacks
|t 0
|e D971 .P76 2012
|h Library of Congress classification
|i unmediated -- volume
|m A14841622533
|
| 998 |
f |
f |
|a D971 .P76 2012
|t 0
|l Evans: Library Stacks
|